| 000 | 01149nam a22002057a 4500 | ||
|---|---|---|---|
| 999 |
_c53579 _d53579 |
||
| 005 | 20251125233025.0 | ||
| 008 | s2550 th tha d | ||
| 040 | _aNALT | ||
| 041 | _atha | ||
| 090 | _aIS 2/2550 37 | ||
| 100 | 0 |
_aทิติภา พวงทะวาย _96796 |
|
| 245 | 1 | 0 |
_aการพัฒนาคุณภาพการปฏิบัติงานด้านบริการของบุคลากรในสำนักงานประธานวุฒิสภา / _cทิติภา พวงทะวาย |
| 246 | 3 | _aเอกสารวิชาการกรณีศึกษาส่วนบุคคล | |
| 260 |
_aกรุงเทพฯ : _bรัฐสภา, _c2550 |
||
| 300 |
_a39 หน้า : _bแผนภูมิ ; _c30 ซม. |
||
| 610 | 2 | 4 |
_911105 _aสำนักงานเลขาธิการวุฒิสภา. _bสำนักงานประธานวุฒิสภา _xการศึกษาเฉพาะกรณี _xงานบริการ |
| 850 | _aNALT | ||
| 856 | 4 | 0 | _uhttps://hdl.handle.net/20.500.14156/18305 |
| 942 |
_cIS _2local |
||